Quantum mechanics : non-relativistic theory /
Guardado en:
| Autor Principal: | |
|---|---|
| Otros Autores: | |
| Formato: | Libro |
| Idioma: | English Russian |
| Publicado: |
Oxford :
Pergamon Press,
1977.
|
| Edición: | 3rd ed., rev. and enl. / |
| Series: | Landau, L. D. (Lev Davidovich), 1908-1968. Teoreticheskaia fizika (Izd. 3-e).
v. 3. |
| Materias: | |
| Etiquetas: |
Agregar Etiqueta
Sin Etiquetas, Sea el primero en etiquetar este registro!
|
| LEADER | 01730cam a2200301 a 4500 | ||
|---|---|---|---|
| 001 | MAT.inmabb002775 | ||
| 008 | 760521s1977####enka#####b####001#0#eng## | ||
| 005 | 20180611162508.0 | ||
| 245 | 1 | 0 | |a Quantum mechanics : |b non-relativistic theory / |c by L.D. Landau and E.M. Lifshitz ; translated from the Russian by J.B. Sykes and J.S. Bell. |
| 250 | |a 3rd ed., rev. and enl. / |b with the assistance of L. P. Pitaevskii. | ||
| 260 | |a Oxford : |b Pergamon Press, |c 1977. | ||
| 300 | |a xiv, 673 p. : |b il. ; |c 25 cm. | ||
| 490 | 1 | |a Course of theoretical physics ; |v v. 3 | |
| 500 | |a Traducción de: Kvantovaia mekhanika (1974). | ||
| 504 | |a Incluye referencias bibliográficas. | ||
| 505 | 8 | |a Capítulos: 1. The basic concepts of quantum mechanics -- 2. Energy and momentum -- 3. Schrödinger's equation -- 4. Angular momentum -- 5. Motion in a centrally symmetric field -- 6. Perturbation theory -- 7. The quasi-classical case -- 8. Spin -- 9. Identity of particles -- 10. The atom -- 11. The diatomic molecule -- 12. The theory of symmetry -- 13. Polyatomic molecules -- 14. Addition of angular momenta -- 15. Motion in a magnetic field -- 16. Nuclear structure -- 17. Elastic collisions -- 18. Inelastic collisions. | |
| 020 | |a 0080209408 | ||
| 020 | |a 008019012X (pbk.) | ||
| 100 | 1 | |a Landau, L. D. |q (Lev Davidovich), |d 1908-1968. | |
| 240 | 1 | 0 | |a Kvantovaia mekhanika. |l Inglés |
| 700 | 1 | |a Lifshits, E. M. |q (Evgenii Mikhailovich) | |
| 800 | 1 | |a Landau, L. D. |q (Lev Davidovich), |d 1908-1968. |t Teoreticheskaia fizika (Izd. 3-e). |l Inglés ; |v v. 3. | |
| 650 | 0 | |a Nonrelativistic quantum mechanics. | |
| 084 | |a 81 |2 MR | ||
| 010 | |a 76018223 | ||
| 040 | |a DLC |c DLC |d DLC | ||
| 041 | 1 | |a eng |h rus | |
| 859 | |h 81 |i L253-3 |p A-5228 |b BIB. MATEMATICA | ||
